| 000 | 00928nam a22002297a 4500 | ||
|---|---|---|---|
| 999 |
_c13152 _d13152 |
||
| 003 | AR-CdUCM | ||
| 008 | 190411b ||||| |||| 00| 0 spa d | ||
| 040 |
_aMUNICIPALIDAD PROVINCIAL DEL CUSCO _cBIBLIOTECA MUNICIPAL DEL CUSCO |
||
| 082 |
_aC / 985 / _bB25 / |
||
| 100 |
_aBarreda Murillo.Luis _931369 |
||
| 245 | _alas culturas inka y pre - inka de cuzco | ||
| 260 |
_aCusco : _bMejía Ramos, _c1973. |
||
| 300 |
_a94 paginas ; _bIlustraciones plegables, _c28 cm. |
||
| 500 | _aTesis | ||
| 505 | _aContenido : Aspectos ecológicos, gea, fauna i flora del valle del Cusco -- Historia general de las investigaciones de la arqueología del Cusco -- La cultura Marcavalle de Cuzco -- La cultura chanapata de Cusco... | ||
| 650 |
_aLuis Barreda Murillo _931370 |
||
| 650 |
_aArqueologia en el Cusco _931371 |
||
| 650 |
_aÉpoca pre inca _931372 |
||
| 710 |
_aUNSAAC _96777 |
||
| 942 |
_2ddc _cTESIS |
||
| 945 |
_awnts _d219-04-11 |
||